[Event "Zhukovsky Winter op"]
[Site "Zhukovsky"]
[Date "2014.??.??"]
[Round "3"]
[White "Spitsyn, Mikhail"]
[Black "Batalov, Anatoliy"]
[Result "1/2-1/2"]
[WhiteElo "1785"]
[BlackElo "1298"]
[PlyCount "74"]
[EventDate "2014.11.22"]
[EventType "swiss"]
[EventRounds "9"]
[EventCountry "RUS"]
[SourceTitle "EXT 2016"]
[Source "ChessBase"]
[SourceDate "2015.10.08"]
[SourceVersion "1"]
[SourceVersionDate "2015.10.08"]
[SourceQuality "1"]

1. d4 d5 2. Nf3 e6 3. g3 Nf6 4. Bg2 c5 5. c4 dxc4 6. Qa4+ Nc6 7. 0-0 Bd7 8. Qxc4 cxd4 9. Nxd4 Rc8 10. Nc3 Be7 11. Rd1 Qb6 12. Be3 Nxd4 13. Qxd4 Bc5 14. Qd2 Bxe3 15. fxe3 Bc6 16. Qd4 Qxd4 17. exd4 Bxg2 18. Kxg2 0-0 19. Rdc1 h6 20. Nb5 a6 21. Nd6 Rcd8 22. Nxb7 Rxd4 23. Rc2 Rb8 24. Nc5 a5 25. b3 Nd5 26. Kf3 Nb4 27. Rb2 Rb5 28. Rc1 Rd5 29. Ne4 Rf5+ 30. Kg2 Nd5 31. Nd6 Ne3+ 32. Kg1 Rfc5 33. Rxc5 Rxc5 34. Rd2 g6 35. h3 h5 36. Kf2 Nd5 37. e4 Nb4 1/2-1/2